Les Aires Urbaines en France(Étude de cas): Toulouse. - Statistiques

Statistiques générales
  • Ce quiz a été pris 109 fois
  • Le résultat moyen est 6 sur 9
Statistiques - réponses
Question Réponse % Correct
Où se localise Toulouse en France? Sud-Ouest (Occitanie).
100%
Quel lieu de pouvoir politique pouvons-nous retrouver dans la Ville - Centre Toulousaine? La Place du Capitole.
83%
Quelles sont les caractéristiques de l'Étalement Urbain? Augmentation de la population urbaine et extension de l'aire urbaine.
74%
La présence d'industries de haute technologie, d'aéronautique et d'aérospatiale, de centres de recherche, font de Toulouse un lieu de concentration de pouvoir ... Économique.
74%
En constatant que le cadre de vie à Toulouse est agréable, quelles autres personnes les travailleurs qualifiés amènent - ils avec eux? Leurs Familles.
70%
Toulouse étant la capitale de la région Occitanie, cela fait d'elle un lieu de concentration de pouvoir... Politique.
65%
Dans quelle zone de l'aire urbaine de Toulouse se localise le Quartier du Mirail? Les Banlieues.
48%
Comment pourrions nous qualifier la connexion de Toulouse avec la France et le Monde? Très bonne.
26%
Quel pourcentage de la population de la couronne périurbaine part travailler dans le pôle urbain (ville-centre + banlieues) quotidiennement? 40%.
13%
Aucun quiz correspondant
Distribution des résultats
% des personnes avec chaque résultat
Percentile par nombre de réponses
Votre historique - résultats
Vous n’avez pas pris ce quiz